| 000 | 00476nam a22001697i 4500 | ||
|---|---|---|---|
| 001 | 3429 | ||
| 003 | OSt | ||
| 005 | 20170126082318.0 | ||
| 007 | tu | ||
| 008 | 161220s1995 xxu||||| |||| 00| 0 d | ||
| 024 | 7 |
_a3428 _2RID |
|
| 040 | _cOSt | ||
| 245 | 0 | 0 |
_aWirtschaftslage und Reformprozesse in Mittel- und Osteuropa. Sammelband 1995 _bUnter Mitarb. v: DIW, HWWA, IFO, IWH, Osteuropa-Inst. |
| 260 |
_aBerlin, _c1995. |
||
| 300 | _c30cm | ||
| 110 | 2 |
_aBundesministerium für Wirtschaft _eEd. |
|
| 942 | _cB | ||
| 999 |
_c3379 _d3379 |
||